| 000 | 01030cam a2200313 a 4500 | ||
|---|---|---|---|
| 001 | 6714 | ||
| 003 | FISKH | ||
| 005 | 20250521153318.0 | ||
| 008 | 890918s1990 nyua j 000 1 eng | ||
| 010 | _a 89027856 | ||
| 020 | _a0553070622 (library binding) | ||
| 040 |
_aDLC _cDLC _dDLC _beng |
||
| 050 | _aPZ7.P75186 J | ||
| 082 | _a818 | ||
| 100 | 1 | _aPolacco, Patricia. | |
| 245 | 1 | 0 |
_aJust plain fancy / _cPatricia Polacco. |
| 260 |
_aNew York : _bBantam Books, _c1990. |
||
| 300 |
_a32 unnumbered pages : _bcolor illustrations ; _c28 cm |
||
| 504 | _aR | ||
| 520 | _aNaomi, an Amish girl whose elders have impressed upon her the importance of adhering to the simple ways of her people, is horrified when one of her hen eggs hatches into an extremely fancy bird. | ||
| 521 | 8 |
_a720
_bLexile |
|
| 521 | 8 |
_aR
_bRaz-Plus |
|
| 650 | 1 |
_aAmish _xFiction. |
|
| 650 | 1 |
_aPeacocks _xFiction. |
|
| 650 | 1 |
_aEggs _xFiction. |
|
| 906 |
_a7 _bcbc _corignew _d1 _eocip _f19 _gy-gencatlg |
||
| 942 |
_2ddc _cBK _n0 |
||
| 999 |
_c6714 _d6714 |
||